| 000 | 01112cab a22001935a 4500 | ||
|---|---|---|---|
| 001 | L141894 | ||
| 008 | 080109s2007 xxkd f 000 0 eng d | ||
| 035 | _a(Sirsi) u141894 | ||
| 041 | 0 | _aeng | |
| 100 | 1 | _aCook, Lucian | |
| 245 | 0 | 0 | _aLosing weight but not starving to death |
| 260 | _c2007 | ||
| 490 |
_aProperty Forecast _v10(12) December 2007, 4-5(2) |
||
| 520 | _aConsiders the prospects for the housing market in 2008. Argues that short term fluctuations are being presented as long term trends in the national press. Acknowledges that the major problems are of lack of supply and affordability. Sentiment among agents and developers has also been eroded by consistently falling indices figures which have been reported in a high profile manner. Suggests that the most likely scenario is a repeat of 2005, a year of low growth and low transaction numbers which was followed by a more buoyant year. Concludes that a year of austerity will correct any long term problems. | ||
| 590 | _aKA | ||
| 651 | 4 |
_aUnited Kingdom _y |
|
| 690 | _aPROPERTY-PROPERTY MARKET-RESIDENTIAL PROPERTY MARKET | ||
| 942 | _n0 | ||
| 999 |
_c79649 _d79649 |
||